000 01176caa a2200337 i 4500
001 005694489
003 EG-ScBUE
005 20241013094004.0
008 141103t1981 nyudk f b 001 0 eng d
020 _a0387905073
020 _a9780387905075
040 _aUk
_beng
_erda
_cUk
_dEG-ScBUE
082 0 4 _222
_a515.35
_bKEV
100 1 _aKevorkian, J.,
_eauthor.
_936428
245 1 0 _aPerturbation methods in applied mathematics /
_cJ. Kevorkian, J. D. Cole.
264 1 _aNew York, United States :
_bSpringer-Verlag,
_c[1981]
264 4 _cc1981
300 _ax, 558 pages :
_bcharts, forms ;
_c24 cm.
336 _2rdacontent
_atext
_btxt
337 _aunmediated
_2rdamedia
_bn
338 _avolume
_bnc
_2rdacarrier
490 1 _aApplied mathematical sciences ;
_vv. 34
504 _aIncludes bibliographical references and index.
650 7 _aDifferential equations
_xNumerical solutions.
_2BUEsh
_936429
650 7 _aDifferential equations
_xAsymptotic theory.
_936430
650 7 _aPerturbation (Mathematics)
_2BUEsh
_936431
653 _bENGGEN
_cNovember2014
655 _vReading book
_934232
700 1 _aCole, Julian D.,
_eauthor.
_936432
942 _2ddc
_cBB
999 _c18541
_d18513